Statistics for 50 pairs of cities with the exact same name (with a map) #2

Click here to take the quiz!

General Stats

  • This quiz has been taken 143 times
  • The average score is 27 of 100

Answers on the Map

Answers color-coded by a green-red scale on the quiz's map according to % correct below.
 

Answer Stats

City% Correct
Melbourne (Australia)
86%
Melbourne (United States)
86%
Porto (Brazil)
79%
Porto (Portugal)
79%
Wellington (New Zealand)
78%
Wellington (United Kingdom)
78%
Palermo (Colombia)
73%
Palermo (Italy)
73%
Lagos (Nigeria)
64%
Lagos (Portugal)
64%
Manchester (United Kingdom)
61%
Manchester (United States)
61%
Bristol (United Kingdom)
54%
Bristol (United States)
54%
Zaragoza (El Salvador)
54%
Zaragoza (Spain)
54%
Toledo (Spain)
53%
Toledo (Unites States)
53%
Frankfort (South Africa)
49%
Frankfort (United States)
49%
Panama City (Panama)
49%
Panama City (United States)
49%
Medina (Saudi Arabia)
48%
Medina (United States)
48%
Salem (India)
46%
Salem (United States)
46%
Delhi (India)
44%
Delhi (United States)
44%
Austin (Minnesota, United States)
41%
Austin (Texas, United States)
41%
Columbus (Georgia, United States)
37%
Columbus (Ohio, United States)
37%
Laredo (Spain)
28%
Laredo (United States)
28%
Saint-Denis (Île-de-France, France)
28%
Saint-Denis (Réunion, France)
28%
Bethlehem (Israel /Palestine)
24%
Bethlehem (South Africa)
24%
Durham (United Kingdom)
24%
Durham (Unites States)
24%
Trujillo (Peru)
23%
Trujillo (Spain)
23%
Valparaíso (Brazil)
23%
Valparaíso (Chile)
23%
Blantyre (Malawi)
21%
Blantyre (United Kingdom)
21%
San Marino (San Marino)
21%
San Marino (United States)
21%
Truro (Canada)
20%
Truro (United Kingdom)
20%
Mwanza (Malawi)
19%
Mwanza (Tanzania)
19%
Saint-Pierre (Réunion, France)
18%
Saint-Pierre (Saint-Pierre et Miquelon, France)
18%
Colón (Cuba)
16%
Colón (Panama)
16%
Münster (Hesse, Germany)
15%
Münster (North Rhine-Westphalia, Germany)
15%
Peoria (Arizona, United States)
15%
Peoria (Illinois, United States)
15%
Lugo (Italy)
14%
Lugo (Spain)
14%
Middelburg (South Africa)
14%
Middelburg (The Netherlands)
14%
Abbeville (France)
10%
Abbeville (United States)
10%
Palencia (Guatemala)
10%
Palencia (Spain)
10%
Freeport (The Bahamas)
9%
Freeport (United States)
9%
Westminster (United Kingdom)
9%
Westminster (United States)
9%
Aral (China)
8%
Aral (Kazakhstan)
8%
San Fernando (The Philippines)
8%
San Fernando (Trinidad and Tobago)
8%
Zug (Switzerland)
8%
Zug (Western Sahara / Morocco)
8%
Bor (Russia)
7%
Bor (South Sudan)
7%
Novi Pazar (Bulgaria)
7%
Novi Pazar (Serbia)
7%
Poland (Kiribati)
7%
Poland (Unites States)
7%
Raipur (Bangladesh)
7%
Raipur (India)
7%
Santa Rosa (Argentina)
7%
Santa Rosa (The Philippines)
7%
Slobozia (Moldova)
7%
Slobozia (Romania)
7%
Tabuk (Saudi Arabia)
7%
Tabuk (The Philippines)
7%
Taizhou (Jiangsu, China)
7%
Taizhou (Zhejiang, China)
7%
Luoyang (Fujian, China)
6%
Luoyang (Henan, China)
6%
Pātan (India)
6%
Pātan (Nepal)
6%
San Cristóbal (Dominican Republic)
5%
San Cristóbal (Venezuela)
5%

Score Distribution

Percentile by Number Answered

Percent of People with Each Score

Your Score History

You have not taken this quiz